Oil and Gas Wells (Record no. 50670)

MARC details
000 -LEADER
fixed length control field 01162nam a2200253Ia 4500
000 - LEADER
fixed length control field 01555naaa 00325uu
001 - CONTROL NUMBER
control field https://directory.doabooks.org/handle/20.500.12854/67260
005 - DATE AND TIME OF LATEST TRANSACTION
control field 20260218105900.0
008 - FIXED-LENGTH DATA ELEMENTS--GENERAL INFORMATION
fixed length control field 211013s9999 xx 000 0 und d
020 ## - INTERNATIONAL STANDARD BOOK NUMBER
International Standard Book Number 9781789846317
024 ## - OTHER STANDARD IDENTIFIER
Standard number or code 10.5772/intechopen.78185
042 ## - AUTHENTICATION CODE
Authentication code dc
100 1# - MAIN ENTRY--PERSONAL NAME
Personal name Ouadfeul, Sid-Ali
245 #0 - TITLE STATEMENT
Title Oil and Gas Wells
260 ## - PUBLICATION, DISTRIBUTION, ETC.
Name of publisher, distributor, etc. IntechOpen
Date of publication, distribution, etc. 2020
300 ## - PHYSICAL DESCRIPTION
Extent 1 electronic resource (116 p.)
520 ## - SUMMARY, ETC.
Summary, etc. The aim of this book is to present some advances in different aspects of oil and gas technology. Two chapters are dedicated to the scientific research in the domain of reservoir engineering and characterization. Four chapters are dedicated to the field of well drilling and performance and another chapter is related to oil and transport.
540 ## - TERMS GOVERNING USE AND REPRODUCTION NOTE
Terms governing use and reproduction Creative Commons
653 ## - INDEX TERM--UNCONTROLLED
Uncontrolled term Petroleum technology
700 1# - ADDED ENTRY--PERSONAL NAME
Personal name Aliouane, Leila
856 ## - ELECTRONIC LOCATION AND ACCESS
Uniform Resource Identifier <a href="https://docs.google.com/spreadsheets/d/1yKIrdCPDAG_9c22mwoOIO2DOhtj65Wqa/edit?usp=sharing&ouid=106555315294820607512&rtpof=true&sd=true ">https://docs.google.com/spreadsheets/d/1yKIrdCPDAG_9c22mwoOIO2DOhtj65Wqa/edit?usp=sharing&ouid=106555315294820607512&rtpof=true&sd=true </a>
Link text List of Curated E-Books
942 ## - ADDED ENTRY ELEMENTS (KOHA)
Koha item type E-Book
Holdings
Withdrawn status Source of classification or shelving scheme Damaged status Not for loan Home library Current library Date acquired Total Checkouts Date last seen Price effective from Koha item type
  Library of Congress Classification   Not For Loan Directory of Open Access Books Directory of Open Access Books 12/22/2021   12/22/2021 12/22/2021 E-Book

University of Rizal System
Email us at univlibservices@urs.edu.ph

Visit our Website www.urs.edu.ph/library